000 00292nam a22001337a 4500
008 170215b xxu||||| |||| 00| 0 eng d
020 _a9781437717747
041 _aeng
080 _23RD
_a61
100 _a4
101 _aSHM
245 _aHEALTH INSURANCE TODAY
_cBEIK, J.I
942 _2udc
_cBK
999 _c5565
_d5565